| 000 | 00472nam a2200157 i 4500 | ||
|---|---|---|---|
| 001 | 55387 | ||
| 003 | ES-MaACL | ||
| 005 | 20230906163131.0 | ||
| 007 | t| | ||
| 008 | 030918s1908 sz ||||1| fre d | ||
| 100 | 1 |
_aDeonna, Waldemar. _943747 |
|
| 245 | 1 | 4 |
_aLes statues de terre cuite dans l'antiquité _b: Sicile. Grande, Grece, Etrurie et Rome / _cWaldemar Deonna. |
| 260 |
_a[Geneve : _bW. kundig], _c1908. |
||
| 300 |
_a250 p. ; _c25 cm. |
||
| 852 |
_aES-MaACL _jF-2654 |
||
| 999 |
_c55387 _d55387 |
||